[Event "South Moravia Region-chT 2223"]
[Site "Czech Republic"]
[Date "2022.11.13"]
[Round "3.4"]
[White "Tajovsky, Matej"]
[Black "Petricek, Lukas"]
[Result "1-0"]
[WhiteElo "2051"]
[BlackElo "2086"]
[PlyCount "125"]
[EventDate "2022.10.09"]
[EventType "team-tourn"]
[EventRounds "11"]
[EventCountry "CZE"]
[SourceTitle "EXT 2024"]
[Source "ChessBase"]
[SourceDate "2023.10.10"]
[SourceVersion "1"]
[SourceVersionDate "2023.10.10"]
[SourceQuality "1"]

1. e4 c5 2. Nf3 d6 3. d4 cxd4 4. Nxd4 Nf6 5. Nc3 a6 6. Bg5 e6 7. f4 Be7 8. Qf3 Nbd7 9. 0-0-0 Qc7 10. Be2 0-0 11. Qg3 b5 12. Bf3 Bb7 13. e5 dxe5 14. fxe5 Nd5 15. Nxd5 Bxg5+ 16. Qxg5 Bxd5 17. Bxd5 exd5 18. e6 Qe5 19. Qxe5 Nxe5 20. Rhe1 f6 21. Nf5 Rfe8 22. e7 g6 23. Ne3 Rxe7 24. Nxd5 Rf7 25. c3 Kg7 26. Nf4 Re7 27. Kc2 Rae8 28. Rd6 Nc4 29. Rxe7+ Rxe7 30. Rxa6 g5 31. Ne6+ Kf7 32. Nd4 Ne3+ 33. Kb3 Nxg2 34. Nxb5 Nf4 35. Kc4 h5 36. b4 h4 37. Nd6+ Kg6 38. Ra8 h3 39. b5 Rc7+ 40. Kd4 Ne2+ 41. Kd3 Nf4+ 42. Ke4 Re7+ 43. Kf3 Nd5 44. c4 Re3+ 45. Kf2 Re6 46. c5 Nf4 47. Re8 Nd3+ 48. Kg3 Rxe8 49. Nxe8 Nxc5 50. Nd6 Na4 51. Nc4 Nc5 52. b6 Kf5 53. Na5 Nd7 54. b7 Nb8 55. Kxh3 Kf4 56. Nb3 f5 57. Kg2 Ke4 58. Kf2 g4 59. Kg3 Ke3 60. a3 f4+ 61. Kxg4 f3 62. Nd2 f2 63. Nf1+ 1-0

[Event "Vsetin op 45th"]
[Site "Vsetin"]
[Date "2020.07.08"]
[Round "7"]
[White "Petricek, Lukas"]
[Black "Docekal, Jan"]
[Result "1/2-1/2"]
[WhiteElo "2107"]
[BlackElo "2260"]
[PlyCount "57"]
[EventDate "2020.07.04"]
[EventType "swiss"]
[EventRounds "9"]
[EventCountry "CZE"]
[SourceTitle "CBM 197 Extra"]
[Source "ChessBase"]
[SourceDate "2020.09.30"]
[SourceVersion "1"]
[SourceVersionDate "2020.09.30"]
[SourceQuality "1"]

1. e4 d5 2. exd5 Qxd5 3. d4 Nf6 4. Nf3 Qd6 5. c4 Bg4 6. Be2 g6 7. Be3 Bg7 8. Nc3 c6 9. Qb3 Qc7 10. 0-0 0-0 11. Rfd1 Rd8 12. h3 Bf5 13. Rac1 h6 14. d5 g5 15. Nd4 Bg6 16. Bf3 Nfd7 17. dxc6 bxc6 18. Ndb5 Qb7 19. Qa3 Na6 20. Qa5 Be5 21. Nxa7 Nb4 22. a3 Nd3 23. Bxc6 Qxb2 24. Bxa8 Rxa8 25. Rxd3 Bxd3 26. Qd5 Rxa7 27. Qxd3 Rxa3 28. Qxd7 Rxc3 29. Rxc3 1/2-1/2

[Event "Vsetin op 45th"]
[Site "Vsetin"]
[Date "2020.07.07"]
[Round "5"]
[White "Petricek, Lukas"]
[Black "Redzisz, Michal"]
[Result "1/2-1/2"]
[WhiteElo "2107"]
[BlackElo "1972"]
[PlyCount "62"]
[EventDate "2020.07.04"]
[EventType "swiss"]
[EventRounds "9"]
[EventCountry "CZE"]
[SourceTitle "CBM 197 Extra"]
[Source "ChessBase"]
[SourceDate "2020.09.30"]
[SourceVersion "1"]
[SourceVersionDate "2020.09.30"]
[SourceQuality "1"]

1. e4 c6 2. d4 d5 3. exd5 cxd5 4. c4 Nf6 5. Nc3 e6 6. Bg5 Be7 7. Nf3 0-0 8. c5 Nbd7 9. Bd3 b6 10. c6 Nb8 11. Qa4 Ne8 12. Bxe7 Qxe7 13. Rc1 Nc7 14. b4 a6 15. Ne2 b5 16. Qb3 a5 17. bxa5 Rxa5 18. Qc2 g6 19. Qd2 Ra6 20. h4 f6 21. 0-0 Rxc6 22. Qa5 b4 23. Qa7 Ba6 24. Bxa6 Rxc1 25. Rxc1 Nbxa6 26. Rc6 Re8 27. Qb6 Rf8 28. Nf4 Rb8 29. Qa7 Ra8 30. Qb6 Rb8 31. Qa7 Ra8 1/2-1/2

[Event "CZE-chT2E 1920"]
[Site "Czech Republic"]
[Date "2020.06.28"]
[Round "11.4"]
[White "Petricek, Lukas"]
[Black "Musil, Jiri"]
[Result "0-1"]
[WhiteElo "1970"]
[BlackElo "2205"]
[PlyCount "72"]
[EventDate "2019.10.13"]
[EventType "team-tourn"]
[EventRounds "11"]
[EventCountry "CZE"]
[SourceTitle "EXT 2024"]
[Source "ChessBase"]
[SourceDate "2023.10.10"]
[SourceVersion "1"]
[SourceVersionDate "2023.10.10"]
[SourceQuality "1"]
[WhiteTeam "Kurim"]
[BlackTeam "Jundrov Jezdci"]
[WhiteTeamCountry "CZE"]
[BlackTeamCountry "CZE"]

1. e4 c5 2. c3 d5 3. exd5 Qxd5 4. d4 Nc6 5. Nf3 e5 6. Nxe5 Nxe5 7. dxe5 Qxe5+ 8. Be3 Bd7 9. Nd2 Nf6 10. Nf3 Qc7 11. Qb3 Bd6 12. Bb5 Rd8 13. Bg5 0-0 14. 0-0 Bg4 15. Bxf6 gxf6 16. Qa4 Bxf3 17. gxf3 a6 18. Be2 Bxh2+ 19. Kg2 Rd2 20. Rh1 Rxe2 21. Qh4 Qg3+ 22. Qxg3+ Bxg3 23. Kxg3 Rxb2 24. Rh5 Rc8 25. Rah1 Kf8 26. Rxh7 Rc6 27. Rd1 Ke7 28. Rh8 Rxa2 29. Rdd8 f5 30. Rhe8+ Kf6 31. Rd7 Re6 32. Rb8 b5 33. Rbb7 Ke5 34. Rxf7 Rg6+ 35. Kh3 Rxf2 36. Rbe7+ Kf4 0-1

[Event "EU-ch Online U2300 Qual"]
[Site "Chess.com INT"]
[Date "2020.05.25"]
[Round "3"]
[White "Doric, Nenad"]
[Black "Petricek, Lukas"]
[Result "1-0"]
[WhiteElo "2249"]
[BlackElo "2096"]
[PlyCount "67"]
[EventDate "2020.05.25"]
[EventType "swiss"]
[EventRounds "8"]
[EventCountry "NET"]
[SourceTitle "EXT 2021"]
[Source "ChessBase"]
[SourceDate "2020.10.23"]
[SourceVersion "1"]
[SourceVersionDate "2020.10.23"]
[SourceQuality "1"]

1. e4 c5 2. Nf3 Nc6 3. c3 g6 4. d4 cxd4 5. cxd4 d5 6. exd5 Qxd5 7. Nc3 Qa5 8. d5 Nb8 9. Qd4 Nf6 10. Bc4 Bg7 11. 0-0 0-0 12. Re1 Nbd7 13. Qh4 a6 14. Bd2 Qc5 15. Bb3 Nb6 16. Rac1 Qd6 17. Bf4 Qb4 18. Bg5 Qxh4 19. Bxh4 Re8 20. Ne5 Bf5 21. d6 e6 22. h3 h5 23. f3 Nfd5 24. g4 hxg4 25. hxg4 Nxc3 26. Rxc3 g5 27. Bxg5 Bh7 28. d7 Rf8 29. Be7 Bxe5 30. Rxe5 Nxd7 31. Rg5+ Kh8 32. Bxf8 Rxf8 33. Rc7 Nf6 34. Rxb7 1-0

[Event "EU-ch Online U2300 Qual"]
[Site "Chess.com INT"]
[Date "2020.05.25"]
[Round "5"]
[White "Petricek, Lukas"]
[Black "Kudritsky, Stanislav"]
[Result "0-1"]
[WhiteElo "2096"]
[BlackElo "2057"]
[PlyCount "38"]
[EventDate "2020.05.25"]
[EventType "swiss"]
[EventRounds "8"]
[EventCountry "NET"]
[SourceTitle "EXT 2021"]
[Source "ChessBase"]
[SourceDate "2020.10.23"]
[SourceVersion "1"]
[SourceVersionDate "2020.10.23"]
[SourceQuality "1"]

1. e4 d6 2. d4 Nf6 3. Nc3 e5 4. Nf3 Nbd7 5. Bc4 Be7 6. a4 0-0 7. 0-0 c6 8. h3 b6 9. Be3 Bb7 10. Qd2 a6 11. Rfd1 Qc7 12. d5 Nc5 13. Bxc5 bxc5 14. Nxe5 cxd5 15. exd5 dxe5 16. d6 Qc6 17. f4 Bxd6 18. Nd5 Nxd5 19. Bxd5 Qxd5 0-1

[Event "EU-ch Online U2300 Qual"]
[Site "Chess.com INT"]
[Date "2020.05.25"]
[Round "1"]
[White "Petricek, Lukas"]
[Black "Spitzl, Vinzent"]
[Result "1/2-1/2"]
[WhiteElo "2096"]
[BlackElo "2346"]
[PlyCount "26"]
[EventDate "2020.05.25"]
[EventType "swiss"]
[EventRounds "8"]
[EventCountry "NET"]
[SourceTitle "EXT 2021"]
[Source "ChessBase"]
[SourceDate "2020.10.23"]
[SourceVersion "1"]
[SourceVersionDate "2020.10.23"]
[SourceQuality "1"]

1. e4 c5 2. c3 d5 3. exd5 Qxd5 4. d4 Nf6 5. Nf3 Bg4 6. Be2 e6 7. h3 Bh5 8. 0-0 Be7 9. Be3 cxd4 10. cxd4 Nc6 11. Nc3 Qd6 12. Qb3 0-0 13. Rfd1 Rfd8 1/2-1/2

[Event "CZE-ch U14"]
[Site "Kouty nad Desnou"]
[Date "2020.03.07"]
[Round "1"]
[White "Petricek, Lukas"]
[Black "Prochazka, Vojtech"]
[Result "1-0"]
[WhiteElo "2106"]
[BlackElo "1763"]
[PlyCount "117"]
[EventDate "2020.03.07"]
[EventType "swiss"]
[EventRounds "7"]
[EventCountry "CZE"]
[SourceTitle "CBM 195 Extra"]
[Source "ChessBase"]
[SourceDate "2020.05.31"]
[SourceVersion "1"]
[SourceVersionDate "2020.05.31"]
[SourceQuality "1"]

1. e4 c5 2. c3 d5 3. exd5 Qxd5 4. d4 cxd4 5. cxd4 e5 6. Nf3 exd4 7. Qxd4 Nf6 8. Be3 Nc6 9. Qxd5 Nxd5 10. Bd2 Bf5 11. a3 0-0-0 12. Bc4 Re8+ 13. Kf1 Be6 14. Bd3 h6 15. Nc3 Nxc3 16. Bxc3 Rd8 17. Be2 f6 18. Rc1 Kb8 19. b4 Bd6 20. Bd2 Rhe8 21. h4 Rc8 22. Be3 Ne5 23. Rd1 Red8 24. Nd4 Bc4 25. f4 Bxe2+ 26. Kxe2 Nc4 27. Nb5 Nxe3 28. Kxe3 Bc7 29. Nxc7 Kxc7 30. Ke4 g6 31. Kf3 Kb6 32. Rxd8 Rxd8 33. Re1 Rd3+ 34. Re3 Rxe3+ 35. Kxe3 Kb5 36. g4 f5 37. gxf5 gxf5 38. Kd4 Ka4 39. Ke5 Kxa3 40. Kxf5 Kxb4 41. Ke4 Kc5 42. Ke5 Kc6 43. Ke6 a5 44. f5 a4 45. f6 a3 46. f7 a2 47. f8Q a1Q 48. Qxh6 Qd4 49. Kf5+ Kc5 50. Qc1+ Kd6 51. Qh6+ Kc5 52. Qf8+ Kc4 53. Qg8+ Kc3 54. Qg3+ Kc4 55. Qg8+ Kc3 56. Qg3+ Kc4 57. h5 b5 58. Qf4 Qxf4+ 59. Kxf4 1-0

[Event "Karlovy Vary CupT U16"]
[Site "Karlovy Vary"]
[Date "2020.01.23"]
[Round "3.2"]
[White "Lang, Simon"]
[Black "Petricek, Lukas"]
[Result "1-0"]
[WhiteElo "1734"]
[BlackElo "2081"]
[PlyCount "45"]
[EventDate "2020.01.22"]
[EventType "team-swiss"]
[EventRounds "4"]
[EventCountry "CZE"]
[SourceTitle "CBM 194 Extra"]
[Source "ChessBase"]
[SourceDate "2020.03.31"]
[SourceVersion "1"]
[SourceVersionDate "2020.03.31"]
[SourceQuality "1"]
[WhiteTeam "Vysocina kraj"]
[BlackTeam "Jihomoravsky kraj"]
[WhiteTeamCountry "CZE"]
[BlackTeamCountry "CZE"]

1. e4 c5 2. Nf3 d6 3. d4 cxd4 4. Nxd4 Nf6 5. Nc3 a6 6. Bg5 e6 7. f4 Be7 8. Qf3 Qc7 9. 0-0-0 Nbd7 10. g4 b5 11. Bxf6 Nxf6 12. g5 Nd7 13. f5 Ne5 14. Qg3 b4 15. Nce2 Qb7 16. Bg2 Bd8 17. Nf4 Qe7 18. h4 Bb6 19. Nh5 Qf8 20. Rhf1 g6 21. Nf6+ Ke7 22. Nc6+ Nxc6 23. Qxd6# 1-0

[Event "Karlovy Vary CupT U16"]
[Site "Karlovy Vary"]
[Date "2020.01.22"]
[Round "1.2"]
[White "Rolinkova, Lucie"]
[Black "Petricek, Lukas"]
[Result "0-1"]
[WhiteElo "1702"]
[BlackElo "2081"]
[PlyCount "54"]
[EventDate "2020.01.22"]
[EventType "team-swiss"]
[EventRounds "4"]
[EventCountry "CZE"]
[SourceTitle "CBM 194 Extra"]
[Source "ChessBase"]
[SourceDate "2020.03.31"]
[SourceVersion "1"]
[SourceVersionDate "2020.03.31"]
[SourceQuality "1"]
[WhiteTeam "Jihocesky kraj"]
[BlackTeam "Jihomoravsky kraj"]
[WhiteTeamCountry "CZE"]
[BlackTeamCountry "CZE"]

1. d4 Nf6 2. Bf4 e6 3. Nf3 d5 4. e3 Bd6 5. Bg3 c5 6. c3 Nc6 7. Nbd2 0-0 8. Bd3 b6 9. Ne5 Bb7 10. Ndf3 Rc8 11. Qb1 Qc7 12. Ng5 h6 13. Bh7+ Kh8 14. Nxe6 fxe6 15. Ng6+ Kxh7 16. Nxf8+ Kg8 17. Nxe6 Qe7 18. Bxd6 Qxd6 19. Nf4 Ba6 20. Nd3 cxd4 21. exd4 Qe6+ 22. Kd1 Qg4+ 23. f3 Qxg2 24. Re1 Qxf3+ 25. Kd2 Ne4+ 26. Rxe4 dxe4 27. Ne1 Qe2+ 0-1

[Event "CZE-chT U18 Extraliga final-B 1718"]
[Site "Czech Republic"]
[Date "2018.04.21"]
[Round "10.4"]
[White "Lukes, Martin1111"]
[Black "Petricek, Lukas"]
[Result "0-1"]
[WhiteElo "1625"]
[BlackElo "1684"]
[PlyCount "42"]
[EventDate "2017.10.07"]
[EventType "team-tourn"]
[EventRounds "11"]
[EventCountry "CZE"]
[SourceTitle "EXT 2023"]
[Source "ChessBase"]
[SourceDate "2022.10.05"]
[SourceVersion "1"]
[SourceVersionDate "2022.10.05"]
[SourceQuality "1"]
[WhiteTeam "Praha Promat Oaza (U18)"]
[BlackTeam "Kurim (U18)"]
[WhiteTeamCountry "CZE"]
[BlackTeamCountry "CZE"]

1. e4 c5 2. Nf3 Nc6 3. d4 cxd4 4. Nxd4 g6 5. Nc3 Bg7 6. Be3 Nf6 7. Nb3 d6 8. Be2 0-0 9. f4 a6 10. g4 b5 11. g5 Nd7 12. Qd2 Bb7 13. 0-0-0 Rc8 14. Bf3 Na5 15. Kb1 Nc4 16. Qd3 Nxb2 17. Kxb2 Rxc3 18. Qxc3 Bxc3+ 19. Kxc3 Qc7+ 20. Kb2 Rc8 21. Rc1 Qc3+ 0-1

[Event "CZE-chT U18 Extraliga final-B 1718"]
[Site "Czech Republic"]
[Date "2018.04.21"]
[Round "9.4"]
[White "Petricek, Lukas"]
[Black "Civin, Dominik"]
[Result "0-1"]
[WhiteElo "1684"]
[BlackElo "1838"]
[PlyCount "74"]
[EventDate "2017.10.07"]
[EventType "team-tourn"]
[EventRounds "11"]
[EventCountry "CZE"]
[SourceTitle "EXT 2023"]
[Source "ChessBase"]
[SourceDate "2022.10.05"]
[SourceVersion "1"]
[SourceVersionDate "2022.10.05"]
[SourceQuality "1"]
[WhiteTeam "Kurim (U18)"]
[BlackTeam "Ricany (U18)"]
[WhiteTeamCountry "CZE"]
[BlackTeamCountry "CZE"]

1. e4 e6 2. d4 d5 3. exd5 exd5 4. Bd3 Bd6 5. Ne2 Bg4 6. f3 Bh5 7. 0-0 Ne7 8. Bf4 Nbc6 9. c3 Bg6 10. Re1 Qd7 11. Qc2 0-0-0 12. Bxd6 Qxd6 13. Ng3 Bxd3 14. Qxd3 h5 15. b4 Qf6 16. Nd2 h4 17. Ngf1 Ng6 18. Nb3 Nf4 19. Qb5 Qg6 20. Ne3 Nxg2 21. Nxg2 h3 22. Qe2 hxg2 23. Qxg2 Qd3 24. Rac1 Rd6 25. Nc5 Qf5 26. Qe2 Rg6+ 27. Kh1 Rgh6 28. Rf1 Qf4 29. Rc2 b6 30. Nd3 Rxh2+ 31. Qxh2 Rxh2+ 32. Rxh2 Qe3 33. Ne1 Qxc3 34. Nc2 Nxd4 35. Nxd4 Qxd4 36. a3 Qd3 37. Rff2 Qxa3 0-1

[Event "CZE-chT U18 Extraliga Ost 1718"]
[Site "Czech Republic"]
[Date "2018.01.20"]
[Round "6.5"]
[White "Jares, Michal"]
[Black "Petricek, Lukas"]
[Result "0-1"]
[WhiteElo "1965"]
[BlackElo "1684"]
[PlyCount "74"]
[EventDate "2017.10.07"]
[EventType "team-tourn"]
[EventRounds "11"]
[EventCountry "CZE"]
[SourceTitle "EXT 2023"]
[Source "ChessBase"]
[SourceDate "2022.10.05"]
[SourceVersion "1"]
[SourceVersionDate "2022.10.05"]
[SourceQuality "1"]
[WhiteTeam "Polabiny (U18)"]
[BlackTeam "Kurim (U18)"]
[WhiteTeamCountry "CZE"]
[BlackTeamCountry "CZE"]

1. d4 d5 2. Nf3 Nf6 3. g3 e6 4. Bg2 Bd6 5. 0-0 Nbd7 6. c4 c6 7. Nc3 0-0 8. Qc2 Re8 9. Bg5 h6 10. Bh4 g5 11. Bxg5 hxg5 12. Nxg5 Nf8 13. h4 N8h7 14. f4 Qc7 15. e4 dxe4 16. Nxh7 Kxh7 17. Bxe4+ Nxe4 18. Nxe4 Kg7 19. Qe2 Rg8 20. Ng5 Be7 21. Qh5 Bxg5 22. Qxg5+ Kf8 23. Qh6+ Ke7 24. Kh2 Qb6 25. Qh7 Qxb2+ 26. Kh3 e5+ 27. f5 Qxd4 28. Kg2 Qg4 29. Rf3 e4 30. f6+ Ke8 31. Re3 Bf5 32. Qh6 Rd8 33. Rae1 Rd2+ 34. Kg1 Rd1 35. Rxd1 Qxd1+ 36. Kf2 Qd2+ 37. Kg1 Rxg3+ 0-1

[Event "CZE-chT2E 1718"]
[Site "Czech Republic"]
[Date "2017.12.03"]
[Round "4.8"]
[White "Zpevak, Milan"]
[Black "Petricek, Lukas"]
[Result "0-1"]
[WhiteElo "1893"]
[BlackElo "1684"]
[PlyCount "156"]
[EventDate "2017.10.15"]
[EventType "team-tourn"]
[EventRounds "11"]
[EventCountry "CZE"]
[SourceTitle "EXT 2022"]
[Source "ChessBase"]
[SourceDate "2021.10.06"]
[SourceVersion "1"]
[SourceVersionDate "2021.10.06"]
[SourceQuality "1"]
[WhiteTeam "Prusanky Podluzan"]
[BlackTeam "Kurim"]
[WhiteTeamCountry "CZE"]
[BlackTeamCountry "CZE"]

1. e4 c5 2. Nf3 Nc6 3. d4 cxd4 4. Nxd4 g6 5. Be3 Bg7 6. c3 Nf6 7. Nd2 d6 8. Be2 0-0 9. 0-0 a6 10. a4 Qc7 11. Rc1 Re8 12. Kh1 Ne5 13. h3 Bd7 14. b4 Qc8 15. Kh2 Qb8 16. a5 Nc6 17. f4 Qc7 18. Bf3 Rac8 19. N2b3 Nd8 20. Qc2 Ne6 21. Ne2 Ba4 22. Qa2 Bb5 23. Nbd4 Qc4 24. Qd2 Nxd4 25. cxd4 Nxe4 26. Bxe4 Qxe2 27. Qxe2 Bxe2 28. Rfe1 Bc4 29. Bxb7 d5 30. Bxc8 Rxc8 31. g4 Bf6 32. g5 Bg7 33. Rc2 Kf8 34. Rec1 Ke8 35. Kg3 Kd7 36. h4 e6 37. h5 Bf8 38. Bd2 Bg7 39. Be3 Bf8 40. hxg6 hxg6 41. Rb2 Rb8 42. Bd2 Bg7 43. Bc3 Rc8 44. Rh2 Ke7 45. Rh7 Kf8 46. Kf3 Kg8 47. Rh2 Rb8 48. Ke3 Kf8 49. Rch1 Kg8 50. Rb1 Rb5 51. Rbh1 Rb8 52. Rc1 Kf8 53. Be1 Rc8 54. Rb2 Rb8 55. Rxc4 dxc4 56. Ke4 Ke7 57. Rc2 Rc8 58. d5 Kd6 59. dxe6 Kxe6 60. Bc3 Bf8 61. Rd2 Rb8 62. Rb2 Bd6 63. Kd4 Bxf4 64. Kxc4 Bxg5 65. b5 axb5+ 66. Rxb5 Rxb5 67. Kxb5 Kd6 68. Kb6 Bd8+ 69. Kb7 Bxa5 70. Bxa5 f5 71. Bd2 Ke5 72. Kc6 f4 73. Bc3+ Ke4 74. Bf6 f3 75. Bh4 g5 76. Bf2 g4 77. Kc5 Kd3 78. Kd5 Ke2 0-1

[Event "CZE-chT U18 Extraliga Ost 1718"]
[Site "Czech Republic"]
[Date "2017.10.08"]
[Round "4.5"]
[White "Laurincova, Kristyna"]
[Black "Petricek, Lukas"]
[Result "1/2-1/2"]
[WhiteElo "1815"]
[BlackElo "1684"]
[PlyCount "64"]
[EventDate "2017.10.07"]
[EventType "team-tourn"]
[EventRounds "11"]
[EventCountry "CZE"]
[SourceTitle "EXT 2023"]
[Source "ChessBase"]
[SourceDate "2022.10.05"]
[SourceVersion "1"]
[SourceVersionDate "2022.10.05"]
[SourceQuality "1"]
[WhiteTeam "Frydek Mistek BSS (U18)"]
[BlackTeam "Kurim (U18)"]
[WhiteTeamCountry "CZE"]
[BlackTeamCountry "CZE"]

1. e4 c5 2. Nf3 Nc6 3. d4 cxd4 4. Nxd4 g6 5. Nc3 Bg7 6. Be3 Nf6 7. Bc4 0-0 8. Bb3 d6 9. h3 Bd7 10. 0-0 a6 11. f4 Rc8 12. Qd2 b5 13. a3 Qc7 14. Rad1 Na5 15. f5 Nxb3 16. cxb3 Rfe8 17. fxg6 hxg6 18. Bh6 Qc5 19. Kh1 Qh5 20. Bxg7 Kxg7 21. Qf4 Rf8 22. Rd3 Qh6 23. Nde2 Bc6 24. Qxh6+ Kxh6 25. Rd4 Kg7 26. Rfd1 Rh8 27. Kg1 Rh4 28. e5 Ne4 29. exd6 exd6 30. Nxe4 Rxe4 31. Rxe4 Bxe4 32. Nc3 d5 1/2-1/2

[Event "CZE-chT U18 Extraliga Ost 1718"]
[Site "Czech Republic"]
[Date "2017.10.08"]
[Round "3.5"]
[White "Petricek, Lukas"]
[Black "Sebesta, Jan2222"]
[Result "0-1"]
[WhiteElo "1684"]
[BlackElo "1594"]
[PlyCount "86"]
[EventDate "2017.10.07"]
[EventType "team-tourn"]
[EventRounds "11"]
[EventCountry "CZE"]
[SourceTitle "EXT 2023"]
[Source "ChessBase"]
[SourceDate "2022.10.05"]
[SourceVersion "1"]
[SourceVersionDate "2022.10.05"]
[SourceQuality "1"]
[WhiteTeam "Kurim (U18)"]
[BlackTeam "Orlova Slavia (U18)"]
[WhiteTeamCountry "CZE"]
[BlackTeamCountry "CZE"]

1. e4 e5 2. Nf3 Nc6 3. d4 exd4 4. Nxd4 Nf6 5. Nc3 Bb4 6. Nxc6 bxc6 7. Bd3 d5 8. exd5 cxd5 9. 0-0 0-0 10. Bg5 Bxc3 11. bxc3 Qd6 12. Bxf6 Qxf6 13. Qh5 h6 14. Qxd5 Be6 15. Qd4 Qxd4 16. cxd4 Rfd8 17. Rfd1 Rd6 18. c3 Rad8 19. Bc2 Kf8 20. Ba4 Ke7 21. f3 c5 22. dxc5 Rxd1+ 23. Rxd1 Rxd1+ 24. Bxd1 Bxa2 25. f4 Ke6 26. Bf3 Bd5 27. Bg4+ f5 28. Be2 a5 29. Bd1 Bc4 30. Ba4 Kd5 31. c6 Kd6 32. Kf2 Bd5 33. c7 Kxc7 34. Ke3 Bxg2 35. Kd4 Kd6 36. c4 Bc6 37. c5+ Kd7 38. Bc2 Ke6 39. Kc4 g5 40. fxg5 hxg5 41. Kd4 a4 42. Bb1 a3 43. Ba2+ Kf6 0-1

[Event "CZE-chT U18 Extraliga Ost 1718"]
[Site "Czech Republic"]
[Date "2017.10.07"]
[Round "2.5"]
[White "Machacek, Lukas"]
[Black "Petricek, Lukas"]
[Result "1/2-1/2"]
[WhiteElo "1590"]
[BlackElo "1684"]
[PlyCount "101"]
[EventDate "2017.10.07"]
[EventType "team-tourn"]
[EventRounds "11"]
[EventCountry "CZE"]
[SourceTitle "EXT 2023"]
[Source "ChessBase"]
[SourceDate "2022.10.05"]
[SourceVersion "1"]
[SourceVersionDate "2022.10.05"]
[SourceQuality "1"]
[WhiteTeam "Stare Mesto (U18)"]
[BlackTeam "Kurim (U18)"]
[WhiteTeamCountry "CZE"]
[BlackTeamCountry "CZE"]

1. e4 c5 2. d4 cxd4 3. c3 d3 4. Bxd3 d6 5. f4 Nc6 6. Nf3 Nf6 7. 0-0 e6 8. Be3 Ng4 9. Qe2 Nxe3 10. Qxe3 Qb6 11. Qxb6 axb6 12. Nd4 Be7 13. Nd2 Bf6 14. Nb5 Ke7 15. Nc4 Bd7 16. Nbxd6 e5 17. fxe5 Nxe5 18. Nxe5 Kxd6 19. Nxf7+ Kc7 20. Nxh8 Rxh8 21. Rae1 Re8 22. h3 Re5 23. Rf3 h5 24. Ref1 Rg5 25. Kh1 Be6 26. a3 Be5 27. Rf5 Bxf5 28. Rxf5 Rxf5 29. exf5 Bf4 30. b3 Be3 31. g4 hxg4 32. hxg4 Kd6 33. Kg2 Bc1 34. a4 Bd2 35. c4 Ke5 36. Kh3 Kd4 37. Bf1 Bg5 38. Kg3 Kc3 39. Kf3 Kxb3 40. Ke4 Kxa4 41. Kd5 Kb4 42. Kd6 Bf6 43. Ke6 Kc5 44. Kd7 Bg5 45. Kc7 Bf6 46. Kxb7 Bg5 47. Kc7 Bf6 48. Kd7 Bg5 49. Ke6 Bf6 50. Be2 Kc6 51. Kf7 1/2-1/2

[Event "CZE-ch U12"]
[Site "Kouty nad Desnou"]
[Date "2017.03.18"]
[Round "9"]
[White "Hak, David"]
[Black "Petricek, Lukas"]
[Result "1/2-1/2"]
[WhiteElo "1759"]
[BlackElo "1567"]
[PlyCount "65"]
[EventDate "2017.03.11"]
[EventType "swiss"]
[EventRounds "9"]
[EventCountry "CZE"]
[SourceTitle "CBM 177 Extra"]
[Source "ChessBase"]
[SourceDate "2017.04.27"]
[SourceVersion "1"]
[SourceVersionDate "2017.04.27"]
[SourceQuality "1"]

1. e4 c5 2. Nf3 Nc6 3. d4 cxd4 4. Nxd4 g6 5. Nxc6 bxc6 6. Qd4 Nf6 7. e5 Nh5 8. Bc4 Ng7 9. 0-0 Qc7 10. Nc3 Ne6 11. Bxe6 dxe6 12. Bg5 Bg7 13. Qc5 Bxe5 14. Bxe7 Bb7 15. f4 Bg7 16. Bh4 Qb6 17. Qxb6 axb6 18. Ne4 0-0 19. Nf6+ Kh8 20. a3 Rad8 21. Rad1 Rxd1 22. Rxd1 Bxf6 23. Bxf6+ Kg8 24. Kf2 Rc8 25. Ke3 c5 26. g3 Bd5 27. c4 Bxc4 28. Rd8+ Rxd8 29. Bxd8 b5 30. Be7 Kg7 31. Bxc5 Kf6 32. Bd4+ Kf5 33. Bc3 1/2-1/2

[Event "CZE-ch U10"]
[Site "Kouty nad Desnou"]
[Date "2015.03.10"]
[Round "4"]
[White "Gnojek, Petr"]
[Black "Petricek, Lukas"]
[Result "1-0"]
[WhiteElo "1606"]
[BlackElo "1234"]
[PlyCount "77"]
[EventDate "2015.03.07"]
[EventType "swiss"]
[EventRounds "9"]
[EventCountry "CZE"]
[SourceTitle "EXT 2017"]
[Source "ChessBase"]
[SourceDate "2016.10.25"]
[SourceVersion "1"]
[SourceVersionDate "2016.10.25"]
[SourceQuality "1"]

1. d4 d5 2. Nf3 Nf6 3. c4 c6 4. Nc3 e6 5. cxd5 cxd5 6. Bf4 Be7 7. e3 0-0 8. h3 Nc6 9. Bd3 a6 10. 0-0 b5 11. Rc1 Bb7 12. a3 Rc8 13. Qe2 Qb6 14. Bb1 Rfd8 15. Rfd1 Na5 16. Nd2 Nc4 17. Nxc4 bxc4 18. Qc2 Qb3 19. Qxb3 cxb3 20. Na4 Rxc1 21. Rxc1 Rc8 22. Rxc8+ Bxc8 23. Bd3 Bd7 24. Nc3 Bc8 25. Be2 Bd8 26. Bd1 Ba5 27. Nb1 Ne4 28. Bxb3 Nd2 29. Bc2 Nxb1 30. Bxb1 Bd2 31. b4 Bc1 32. a4 Bd7 33. Bd3 Bxa4 34. Bxa6 Bd2 35. b5 Ba5 36. Bd6 Bb3 37. Bc5 Bc4 38. f3 f6 39. Bc8 1-0

[Event "Brno Duras op-B"]
[Site "Brno"]
[Date "2014.07.04"]
[Round "7"]
[White "Petricek, Lukas"]
[Black "Matula, Jakub"]
[Result "1-0"]
[WhiteElo "1081"]
[BlackElo "1078"]
[PlyCount "63"]
[EventDate "2014.06.28"]
[EventType "swiss"]
[EventRounds "9"]
[EventCountry "CZE"]
[SourceTitle "EXT 2017"]
[Source "ChessBase"]
[SourceDate "2016.10.25"]
[SourceVersion "1"]
[SourceVersionDate "2016.10.25"]
[SourceQuality "1"]

1. e4 e5 2. Nf3 Nc6 3. d4 exd4 4. Nxd4 Nf6 5. Nc3 Bb4 6. Nxc6 bxc6 7. Bd3 d6 8. Bg5 0-0 9. 0-0 Be6 10. Qe2 h6 11. Bh4 Rb8 12. Rfd1 Bxc3 13. bxc3 Rb5 14. Bxb5 cxb5 15. e5 dxe5 16. Rxd8 Rxd8 17. Rd1 Bd7 18. Qxe5 Re8 19. Qf4 Bg4 20. f3 Be6 21. Re1 Nd5 22. Qd4 Nb6 23. f4 f5 24. g4 fxg4 25. f5 Bf7 26. Rxe8+ Bxe8 27. Qxg4 Kf8 28. Qb4+ Kg8 29. Qe7 Bd7 30. f6 gxf6 31. Bxf6 Nd5 32. Qg7# 1-0

[Event "Brno Duras op-B"]
[Site "Brno"]
[Date "2014.06.30"]
[Round "3"]
[White "Petricek, Lukas"]
[Black "Dumek, Ales"]
[Result "1/2-1/2"]
[WhiteElo "1081"]
[BlackElo "1339"]
[PlyCount "35"]
[EventDate "2014.06.28"]
[EventType "swiss"]
[EventRounds "9"]
[EventCountry "CZE"]
[SourceTitle "EXT 2017"]
[Source "ChessBase"]
[SourceDate "2016.10.25"]
[SourceVersion "1"]
[SourceVersionDate "2016.10.25"]
[SourceQuality "1"]

1. e4 e5 2. Nf3 Nc6 3. d4 exd4 4. Nxd4 Qf6 5. Be3 Bc5 6. c3 Nge7 7. Bc4 0-0 8. 0-0 Ne5 9. Nd2 N7c6 10. Nxc6 Qxc6 11. Bxc5 Qxc5 12. Bb3 d6 13. Nf3 Bg4 14. h3 Bxf3 15. gxf3 Ng6 16. Qd5 Qxd5 17. Bxd5 c6 18. Bc4 1/2-1/2